LEADER 01141nam a2200277 4500 001 000000351987 003 CaOOAMICUS 005 20231018094757.0 008 221026s2009 it 000 u ita r 020 $a978-88-7180-806-2 040 $aSeMil$bita 100 1 $aCarpenter, Humphrey,$d<1946-2005>.$0(OLS)http://semarc/name/18002 240 10$aJ. R. R. Tolkien :$ba biography.$0(OLS)http://semarc/title/441795 245 10$aJ. R. R. Tolkien :$bla biografia /$cHumphrey Carpenter. 264 1$aTorino :$bLindau,$c2009. 300 $a427 p. ;$c21 cm 490 1 $aLe comete 600 14$aTolkien, John Ronald Reuel <1892-1973>.$0(OLS)http://semarc/subject/7546 830 3$aLe comete.$0(OLS)http://semarc/title/23916 850 $aSeMil 852 $aSeMil$W1$xVenegono$y1$m1R II 29$j243573$B243176$CSeMilBibl$Z2$F243176 $81 961 $aPerego don Stefano - Omaggio 996 $6020$a978-88-7180-806-2$9(OLS)http://semarc/number/297002 996 $6245$aJ. R. R. Tolkien :$bla biografia$9(OLS)http://semarc/title/441796 996 $6264$aTorino :$bLindau$9(OLS)http://semarc/publisher/32348 LEADER 01224nam a2200277 i 4500 001 000000124326 003 CaOOAMICUS 005 20040319000000.0 008 040319s1988 it u000 u ita u 013 $a97023 020 $a880431186-X 040 $aSeMil$bita 245 10$aCarta :$bdal papiro al computer /$ca cura di Giorgio Raimondo Cardona. 250 $aedizione speciale fuori commercio. 260 $aMilano :$bArnoldo Mondadori Editore,$ccopyr. 1988. 300 $a223 p. :$briccamente ill. ;$c28 cm. 500 $aContiene : Bibliografia. - Catalogo della mostra tenuta a Milano, Palazzo Reale 3 marzo-30 aprile 1988. - Fondo Card. C.M. Martini. 650 4$aCarta - Storia.$0(OLS)http://semarc/subject/23944 700 1 $aCardona, Giorgio Raimondo,$d<1943-1988>.$0(OLS)http://semarc/name/10515 850 $aSeMil 852 $aSeMil$W1$xVenegono$y1$m5L IX 69$j78925$B78925$CSeMilBibl$Z2$F81094 $81 941 1 $a4 961 $aOmaggio: Martini Card. Carlo Maria 996 $6020$a880431186-X$9(OLS)http://semarc/number/110105 996 $6245$aCarta :$bdal papiro al computer$9(OLS)http://semarc/title/182964 996 $6260$aMilano :$bArnoldo Mondadori Editore$9(OLS)http://semarc/publisher/30056